00854 a2200169 45000010006000000050017000060080041000230030015000640400040000790800053001192450080001722640060002523000019003125050302003310410008006331000043006415779620260407155838.0260407a1987 arg spa dAR-UNSa-BCEJYS aAR-UNSa-BCEJYSbspacAR-UNSa-BCEJYS a339.5xComercio exterior. Comercio Internacional10aManual de distribución física de las mercancías para la exportación 1aGinegra :bCCI (Centro de Comercio Internacional)c1987 a136 p.c21 cm. a1. Repertorio de las organizaciones internacionales y de las principales organizaciones nacionales que actuar en el campo de la distribución física internacional de las mercancías (DFI) – 2. Fuentes de información sobre la distribución física internacional de las mercancías (DFI)  aspa1 aCentro de Comercio Internacional (CCI)